<?xml version="1.0" encoding="UTF-8"?><?xml-stylesheet type="text/xsl" href="static/style.xsl"?><OAI-PMH xmlns="http://www.openarchives.org/OAI/2.0/" xmlns:xsi="http://www.w3.org/2001/XMLSchema-instance" xsi:schemaLocation="http://www.openarchives.org/OAI/2.0/ http://www.openarchives.org/OAI/2.0/OAI-PMH.xsd"><responseDate>2026-04-17T03:34:54Z</responseDate><request verb="GetRecord" identifier="oai:www.recercat.cat:10459.1/72918" metadataPrefix="marc">https://recercat.cat/oai/request</request><GetRecord><record><header><identifier>oai:recercat.cat:10459.1/72918</identifier><datestamp>2024-12-05T21:21:36Z</datestamp><setSpec>com_2072_3622</setSpec><setSpec>col_2072_479130</setSpec></header><metadata><record xmlns="http://www.loc.gov/MARC21/slim" xmlns:dcterms="http://purl.org/dc/terms/" xmlns:xsi="http://www.w3.org/2001/XMLSchema-instance" xmlns:doc="http://www.lyncode.com/xoai" xsi:schemaLocation="http://www.loc.gov/MARC21/slim http://www.loc.gov/standards/marcxml/schema/MARC21slim.xsd">
   <leader>00925njm 22002777a 4500</leader>
   <datafield ind2=" " ind1=" " tag="042">
      <subfield code="a">dc</subfield>
   </datafield>
   <datafield ind2=" " ind1=" " tag="720">
      <subfield code="a">Fernández, Daniel</subfield>
      <subfield code="e">author</subfield>
   </datafield>
   <datafield ind2=" " ind1=" " tag="720">
      <subfield code="a">Novelles, Axel</subfield>
      <subfield code="e">author</subfield>
   </datafield>
   <datafield ind2=" " ind1=" " tag="720">
      <subfield code="a">Tarragó, Roger</subfield>
      <subfield code="e">author</subfield>
   </datafield>
   <datafield ind2=" " ind1=" " tag="720">
      <subfield code="a">Reche, Xavier</subfield>
      <subfield code="e">author</subfield>
   </datafield>
   <datafield ind2=" " ind1=" " tag="260">
      <subfield code="c">2022-02-01T12:28:14Z</subfield>
   </datafield>
   <datafield ind2=" " ind1=" " tag="260">
      <subfield code="c">2022-02-01T12:28:14Z</subfield>
   </datafield>
   <datafield ind2=" " ind1=" " tag="260">
      <subfield code="c">2020</subfield>
   </datafield>
   <datafield ind2=" " ind1=" " tag="520">
      <subfield code="a">The aim of this research was to identify and compare the most demanding passages (MDP) in elite roller hockey in competition and in different training situations. Data were collected using WIMU PRO™ sensors with inertial micro-technology and ultra-wide band positioning. Eight professional roller hockey players from the Spanish First Division League (Ok Liga) were analysed during the 2017-2018 season. The MDP were studied using a rolling average method in which maximal values were calculated for three different time windows (1’, 2’ and 5’) in official matches and in four different training drills commonly used in the weekly team-training schedule: practice match (TRAINING MATCH), 4 vs. 4 in half court and one transition (4vs4+1T), 4 vs. 4 in half court and two transitions (4vs4+2T) and 3 vs. 2 wave transition drill (3vs2). The variable used for the comparison was the distance covered in high speed skating (HSS: >18 km · h–1; m · min–1) and only the maximum value of each player, drill and time window were stored for the study. The results show that training drills could not reproduce the maximum conditional effort that occurs in an official match in any time window. Moreover, all the situations and games analysed had higher levels of effort as the time of the window studied decreased. The analysis of shorter time windows could be a topic for future research. In conclusion, the findings of this study pave the way for future research into the identification and comparison of the most demanding scenarios in elite roller hockey that may help coaches to design training situations.</subfield>
   </datafield>
   <datafield ind1="8" ind2=" " tag="024">
      <subfield code="a">http://hdl.handle.net/10459.1/72918</subfield>
   </datafield>
   <datafield tag="653" ind2=" " ind1=" ">
      <subfield code="a">External load</subfield>
   </datafield>
   <datafield tag="653" ind2=" " ind1=" ">
      <subfield code="a">UWB</subfield>
   </datafield>
   <datafield tag="653" ind2=" " ind1=" ">
      <subfield code="a">Roller hockey</subfield>
   </datafield>
   <datafield tag="653" ind2=" " ind1=" ">
      <subfield code="a">Most demanding passage</subfield>
   </datafield>
   <datafield ind2="0" ind1="0" tag="245">
      <subfield code="a">Comparing the Most Demanding Passages of Official Matches and Training Drills in Elite Roller Hockey</subfield>
   </datafield>
</record></metadata></record></GetRecord></OAI-PMH>